[Event "DEN-chT 2425 62nd"]
[Site "Denmark"]
[Date "2025.03.30"]
[Round "9.8"]
[White "Palm, Nikolaj"]
[Black "Clausen, Martin Koch"]
[Result "1-0"]
[WhiteElo "2277"]
[BlackElo "2012"]
[PlyCount "75"]
[EventDate "2024.11.02"]
[EventType "team-tourn"]
[EventRounds "9"]
[EventCountry "DEN"]
[SourceTitle "CB16_2025"]
[SourceDate "2025.04.16"]
[SourceVersion "1"]
[SourceVersionDate "2025.04.16"]
[SourceQuality "1"]
[WhiteTeam "Bronshoj"]
[BlackTeam "Nordre"]
[WhiteTeamCountry "DEN"]
[BlackTeamCountry "DEN"]

1. d4 d5 2. c4 c6 3. cxd5 cxd5 4. Nf3 Nf6 5. Nc3 g6 6. Bf4 Bg7 7. e3 0-0 8. h3 a6 9. Bd3 Bf5 10. Bxf5 gxf5 11. g4 Qd7 12. Ne5 Qe6 13. Qd3 Nbd7 14. gxf5 Qb6 15. Nxd7 Nxd7 16. Nxd5 Qa5+ 17. Nc3 Rac8 18. 0-0 Rfd8 19. Kh2 b5 20. Nd5 Re8 21. b4 Qd8 22. Rac1 Kh8 23. Bc7 Rxc7 24. Nxc7 Rg8 25. Rg1 Ne5 26. Qe2 Nc4 27. Rxc4 bxc4 28. Qxc4 Qd6+ 29. f4 a5 30. Qc5 Qh6 31. Qxe7 Qh5 32. Qg5 Qe2+ 33. Rg2 Qxe3 34. f6 Qxd4 35. fxg7+ Rxg7 36. Qxg7+ Qxg7 37. Rxg7 Kxg7 38. bxa5 1-0

[Event "DEN-chT 2425 62nd"]
[Site "Denmark"]
[Date "2025.03.29"]
[Round "8.7"]
[White "Palm, Nikolaj"]
[Black "Guindy, Esmat Susanne"]
[Result "1/2-1/2"]
[WhiteElo "2277"]
[BlackElo "2020"]
[PlyCount "35"]
[EventDate "2024.11.02"]
[EventType "team-tourn"]
[EventRounds "9"]
[EventCountry "DEN"]
[SourceTitle "CB16_2025"]
[SourceDate "2025.04.16"]
[SourceVersion "1"]
[SourceVersionDate "2025.04.16"]
[SourceQuality "1"]
[WhiteTeam "Bronshoj"]
[BlackTeam "Fredericia"]
[WhiteTeamCountry "DEN"]
[BlackTeamCountry "DEN"]

1. d4 d5 2. c4 e6 3. Nc3 Be7 4. Bf4 Nf6 5. e3 0-0 6. Nf3 c5 7. Rc1 Nc6 8. cxd5 Nxd5 9. Nxd5 Qxd5 10. Bc4 Qf5 11. Bd3 Qd5 12. Bc4 Qf5 13. dxc5 Bxc5 14. 0-0 Be7 15. Qc2 Qxc2 16. Rxc2 Rd8 17. a3 Bd7 18. Rfc1 1/2-1/2

[Event "DEN-chT 2425 62nd"]
[Site "Denmark"]
[Date "2025.01.26"]
[Round "6.8"]
[White "Palm, Nikolaj"]
[Black "Kakulidis, Ellen"]
[Result "1-0"]
[WhiteElo "2277"]
[BlackElo "2031"]
[PlyCount "105"]
[EventDate "2024.11.02"]
[EventType "team-tourn"]
[EventRounds "9"]
[EventCountry "DEN"]
[SourceTitle "CB16_2025"]
[SourceDate "2025.04.16"]
[SourceVersion "1"]
[SourceVersionDate "2025.04.16"]
[SourceQuality "1"]
[WhiteTeam "Bronshoj"]
[BlackTeam "Obro"]
[WhiteTeamCountry "DEN"]
[BlackTeamCountry "DEN"]

1. d4 d5 2. c4 c6 3. cxd5 cxd5 4. Nf3 Nf6 5. Nc3 Nc6 6. Bf4 a6 7. Rc1 Bf5 8. e3 e6 9. Be2 Be7 10. 0-0 0-0 11. Na4 Rc8 12. Nc5 Bxc5 13. dxc5 Re8 14. Nd4 Bg6 15. Nxc6 Rxc6 16. b4 e5 17. Bg5 Qd7 18. f3 Rce6 19. Qb3 h6 20. Bh4 Rd8 21. Rfd1 d4 22. e4 Rc8 23. Bc4 Ree8 24. Bxf6 gxf6 25. g4 h5 26. h3 hxg4 27. hxg4 Kg7 28. Kf2 Rh8 29. Rh1 Rcd8 30. Bd3 Qc8 31. Kg2 Rxh1 32. Rxh1 Rh8 33. Rxh8 Qxh8 34. a4 Qh6 35. Qc2 Qh8 36. b5 axb5 37. axb5 Qd8 38. c6 bxc6 39. bxc6 Qc7 40. Qc5 Bh7 41. Kf2 Bg8 42. Ke2 f5 43. gxf5 f6 44. Bc4 Bxc4+ 45. Qxc4 Qb6 46. c7 Qb2+ 47. Kd1 Qb1+ 48. Kd2 Qb2+ 49. Qc2 Qb4+ 50. Kd1 d3 51. Qg2+ Kf7 52. Qg6+ Ke7 53. Qg7+ 1-0

[Event "DEN-chT 2425 62nd"]
[Site "Denmark"]
[Date "2025.01.25"]
[Round "5.8"]
[White "Nielsen, Lars Aaes"]
[Black "Palm, Nikolaj"]
[Result "1/2-1/2"]
[WhiteElo "2208"]
[BlackElo "2277"]
[PlyCount "30"]
[EventDate "2024.11.02"]
[EventType "team-tourn"]
[EventRounds "9"]
[EventCountry "DEN"]
[SourceTitle "CB16_2025"]
[SourceDate "2025.04.16"]
[SourceVersion "1"]
[SourceVersionDate "2025.04.16"]
[SourceQuality "1"]
[WhiteTeam "Nordkalotten"]
[BlackTeam "Bronshoj"]
[WhiteTeamCountry "DEN"]
[BlackTeamCountry "DEN"]

1. e4 e5 2. Nf3 Nc6 3. d4 exd4 4. Bc4 Bc5 5. c3 d6 6. cxd4 Bb6 7. d5 Ne5 8. Nxe5 dxe5 9. Nc3 Nf6 10. Bb5+ Bd7 11. Bxd7+ Qxd7 12. 0-0 0-0 13. Bg5 Ne8 14. Qd3 f6 15. Be3 Bxe3 1/2-1/2

[Event "DEN-chT 2324 61st"]
[Site "Denmark"]
[Date "2024.01.28"]
[Round "6.5"]
[White "Le Besq, Alexander"]
[Black "Palm, Nikolaj"]
[Result "0-1"]
[WhiteElo "2186"]
[BlackElo "2271"]
[PlyCount "154"]
[EventDate "2023.10.28"]
[EventType "team-tourn"]
[EventRounds "9"]
[EventCountry "DEN"]
[SourceTitle "CBM 219 Extra"]
[Source "ChessBase"]
[SourceDate "2024.05.31"]
[SourceVersion "1"]
[SourceVersionDate "2024.05.31"]
[SourceQuality "1"]
[WhiteTeam "Frem"]
[BlackTeam "Bronshoj"]
[WhiteTeamCountry "DEN"]
[BlackTeamCountry "DEN"]

1. e4 e5 2. Nf3 Nc6 3. Bb5 a6 4. Ba4 Nf6 5. 0-0 Be7 6. Re1 b5 7. Bb3 d6 8. c3 0-0 9. h3 Na5 10. Bc2 c5 11. d4 Qc7 12. Nbd2 Re8 13. d5 g6 14. b3 Nh5 15. Nf1 Bf6 16. Ng3 Nf4 17. Ne2 Nxe2+ 18. Qxe2 Bd7 19. Rf1 Nb7 20. Be3 Reb8 21. Qd2 a5 22. Ng5 Rf8 23. Kh2 Bg7 24. a3 Rae8 25. Rae1 Nd8 26. b4 f6 27. Nf3 c4 28. Ng1 f5 29. exf5 gxf5 30. f4 axb4 31. axb4 Nf7 32. Ra1 exf4 33. Bd4 Ne5 34. Ra7 Qb8 35. Qxf4 Rf7 36. Bd1 Ng6 37. Qf2 Bxd4 38. Qxd4 Re4 39. Qf2 Qd8 40. Bf3 Re8 41. Ne2 Qf6 42. Nd4 f4 43. Re1 Rxe1 44. Qxe1 Re7 45. Ne6 Bxe6 46. Rxe7 Nxe7 47. dxe6 Kg7 48. Bb7 Qf5 49. Qd2 Qe5 50. Kg1 Kf6 51. Kf2 Kxe6 52. Bf3 Kf6 53. Qe1 Qxe1+ 54. Kxe1 d5 55. Kd2 Ke5 56. Bh5 Nf5 57. Be8 Nd6 58. Bc6 d4 59. Kc2 h6 60. Kb2 d3 61. Kc1 Kf5 62. Kb2 Kg5 63. Kc1 Kh4 64. Kd2 Kg3 65. Ke1 h5 66. Bf3 Nf5 67. Bc6 Ne3 68. Kd2 Nxg2 69. Bxb5 Ne3 70. Ba6 f3 71. Kxe3 f2 72. Bxc4 f1Q 73. Bxd3 Qf4+ 74. Ke2 Qf2+ 75. Kd1 Kxh3 76. Be2 h4 77. c4 Kg3 0-1

[Event "DEN-chT 1920 58th"]
[Site "Denmark"]
[Date "2019.11.23"]
[Round "1.6"]
[White "Rostgaard, Tobias Valentin"]
[Black "Palm, Nikolaj"]
[Result "1-0"]
[WhiteElo "2357"]
[BlackElo "2282"]
[PlyCount "65"]
[EventDate "2019.11.23"]
[EventType "team-tourn"]
[EventRounds "9"]
[EventCountry "DEN"]
[SourceTitle "CBM 193 Extra"]
[Source "ChessBase"]
[SourceDate "2020.01.31"]
[SourceVersion "1"]
[SourceVersionDate "2020.01.31"]
[SourceQuality "1"]
[WhiteTeam "Skanderborg Nordea"]
[BlackTeam "Bronshoj"]
[WhiteTeamCountry "DEN"]
[BlackTeamCountry "DEN"]

1. e4 e5 2. Nf3 Nc6 3. Nc3 Nf6 4. g3 d5 5. exd5 Nxd5 6. Bg2 Nxc3 7. bxc3 Bd6 8. 0-0 0-0 9. Rb1 f5 10. d3 Qf6 11. Ng5 g6 12. f4 exf4 13. gxf4 h6 14. Nf3 Rb8 15. d4 Kh7 16. Ne5 Na5 17. c4 c5 18. d5 Qd8 19. Rf3 Bxe5 20. fxe5 Nxc4 21. Bf4 g5 22. Rc3 Nb6 23. Be3 Na4 24. Rc4 f4 25. Rxa4 fxe3 26. e6 Qd6 27. Qd3+ Kg7 28. Qxe3 b5 29. Rxa7+ Rb7 30. Ra8 b4 31. c4 Rc7 32. a3 Ba6 33. Rxa6 1-0

[Event "DEN-chT 1819 57th"]
[Site "Denmark"]
[Date "2019.01.12"]
[Round "5.2"]
[White "Palm, Nikolaj"]
[Black "Boe, Mads"]
[Result "1/2-1/2"]
[WhiteElo "2285"]
[BlackElo "2304"]
[PlyCount "34"]
[EventDate "2018.10.27"]
[EventType "team-tourn"]
[EventRounds "9"]
[EventCountry "DEN"]
[SourceTitle "EXT 2023"]
[Source "ChessBase"]
[SourceDate "2022.10.05"]
[SourceVersion "1"]
[SourceVersionDate "2022.10.05"]
[SourceQuality "1"]
[WhiteTeam "Bronshoj"]
[BlackTeam "Skanderborg Nordea"]
[WhiteTeamCountry "DEN"]
[BlackTeamCountry "DEN"]

1. d4 f5 2. Nf3 Nf6 3. c4 e6 4. Nc3 Be7 5. e3 d6 6. a3 0-0 7. Bd3 Qe8 8. Qc2 Bd8 9. Bd2 Nc6 10. 0-0-0 a6 11. h3 b5 12. cxb5 axb5 13. Bxb5 Bd7 14. Bd3 Ne7 15. g4 Bc6 16. Be2 Ne4 17. Rh2 Nd5 1/2-1/2

[Event "DEN-chT 1819 57th"]
[Site "Denmark"]
[Date "2018.10.28"]
[Round "2"]
[White "Ostergaard, Jens"]
[Black "Palm, Nikolaj"]
[Result "1/2-1/2"]
[WhiteElo "2225"]
[BlackElo "2285"]
[PlyCount "103"]
[EventDate "2018.10.27"]
[EventType "team-tourn"]
[EventRounds "9"]
[EventCountry "DEN"]
[SourceTitle "CBM 188 Extra"]
[Source "ChessBase"]
[SourceDate "2019.02.28"]
[SourceVersion "1"]
[SourceVersionDate "2019.02.28"]
[SourceQuality "1"]
[WhiteTeam "Hillerod"]
[BlackTeam "Bronshoj"]
[WhiteTeamCountry "DEN"]
[BlackTeamCountry "DEN"]

1. d4 d5 2. c4 e6 3. Nc3 Nf6 4. Bg5 Nbd7 5. e3 Be7 6. Nf3 0-0 7. Rc1 c6 8. Qc2 h6 9. Bh4 a6 10. cxd5 exd5 11. Bd3 Re8 12. 0-0 Ne4 13. Bxe7 Qxe7 14. Bxe4 dxe4 15. Nd2 Nf6 16. a3 Bf5 17. b4 Rad8 18. Na4 Bc8 19. Nc5 Rd5 20. Rce1 Rh5 21. f3 exf3 22. Nxf3 Ne4 23. Qxe4 Qxe4 24. Nxe4 Rxe4 25. Ne5 f6 26. Nd3 Re7 27. Rf2 Rd5 28. Rd2 a5 29. Nc5 axb4 30. axb4 b6 31. Na4 Rb5 32. Rb2 Ra7 33. Nc3 Rh5 34. Ra2 Rxa2 35. Nxa2 Rb5 36. Rb1 Bf5 37. Rb2 c5 38. Kf2 Bg6 39. Ke2 Bf7 40. Nc3 Rxb4 41. Rxb4 cxb4 42. Na4 b5 43. Nc5 Kf8 44. Kd2 Ke7 45. Nd3 b3 46. Kc3 Kd6 47. e4 g6 48. g4 Bc4 49. Nf4 Bf7 50. Nd3 Bc4 51. Nf4 Bf7 52. Nd3 1/2-1/2

[Event "DEN-chT 1718 56th"]
[Site "Denmark"]
[Date "2018.01.14"]
[Round "6.5"]
[White "Pedersen, Nicolai Vesterbaek"]
[Black "Palm, Nikolaj"]
[Result "1-0"]
[WhiteElo "2392"]
[BlackElo "2319"]
[PlyCount "103"]
[EventDate "2017.11.18"]
[EventType "team-tourn"]
[EventRounds "9"]
[EventCountry "DEN"]
[SourceTitle "EXT 2019"]
[Source "ChessBase"]
[SourceDate "2018.10.10"]
[SourceVersion "1"]
[SourceVersionDate "2018.10.10"]
[SourceQuality "1"]
[WhiteTeam "Skanderborg Nordea"]
[BlackTeam "Bronshoj"]
[WhiteTeamCountry "DEN"]
[BlackTeamCountry "DEN"]

1. g3 d5 2. Nf3 Nf6 3. Bg2 e6 4. c4 Be7 5. d4 0-0 6. Qc2 c6 7. 0-0 Ne4 8. Nc3 f5 9. Rb1 b6 10. Ne5 Bb7 11. Nxe4 dxe4 12. Rd1 Nd7 13. Nxd7 Qxd7 14. b4 Rfd8 15. Bf4 Bd6 16. e3 Qe7 17. Bxd6 Rxd6 18. f3 exf3 19. Bxf3 Rd7 20. Qg2 Rc8 21. Rd2 Rcc7 22. c5 e5 23. Kh1 e4 24. Be2 Qg5 25. Bc4+ Kh8 26. Qf2 Rd8 27. Rf1 Bc8 28. a4 h6 29. Qe1 Rf8 30. Rdf2 Re7 31. Rf4 Rf6 32. cxb6 axb6 33. a5 b5 34. Bb3 Kh7 35. Qd2 Be6 36. Bxe6 Rexe6 37. Qf2 Qg6 38. Rxf5 Qf7 39. Qf4 Qe7 40. a6 Qxb4 41. a7 Qa5 42. Qb8 Rxf5 43. Rxf5 Rf6 44. a8Q Qe1+ 45. Kg2 Qe2+ 46. Kh3 Rxf5 47. Qh8+ Kg6 48. Qae8+ Rf7 49. Qe6+ Rf6 50. Qhe8+ Kg5 51. Qe5+ Rf5 52. Qxg7# 1-0

[Event "DEN-chT 1718 56th"]
[Site "Denmark"]
[Date "2017.11.19"]
[Round "2.2"]
[White "Palm, Nikolaj"]
[Black "Ramsdal, Jens Albert"]
[Result "0-1"]
[WhiteElo "2319"]
[BlackElo "2251"]
[PlyCount "154"]
[EventDate "2017.11.18"]
[EventType "team-tourn"]
[EventRounds "9"]
[EventCountry "DEN"]
[SourceTitle "CBM 181 Extra"]
[Source "ChessBase"]
[SourceDate "2017.12.12"]
[SourceVersion "1"]
[SourceVersionDate "2017.12.12"]
[SourceQuality "1"]
[WhiteTeam "Bronshoj"]
[BlackTeam "Copenhagen 68"]
[WhiteTeamCountry "DEN"]
[BlackTeamCountry "DEN"]

1. d4 Nf6 2. c4 g6 3. Nc3 Bg7 4. e4 d6 5. f3 0-0 6. Be3 c5 7. Nge2 Nbd7 8. Qd2 a6 9. g4 Qa5 10. Ng3 cxd4 11. Bxd4 Ne5 12. Be2 Be6 13. g5 Ne8 14. b3 f5 15. gxf6 Bxf6 16. 0-0 Bh3 17. Rf2 Nc6 18. Bxf6 Nxf6 19. Bf1 Bd7 20. Re1 e5 21. Re3 Nd4 22. Rd3 Qc5 23. Bg2 Rf7 24. h3 Raf8 25. Nce2 Nh5 26. b4 Nxe2+ 27. Nxe2 Qxc4 28. Rxd6 Bc6 29. Qc3 Qb5 30. Qb3 a5 31. bxa5 Qxa5 32. Nc3 Nf4 33. Rf6 Kg7 34. Rxf7+ Rxf7 35. Rd2 Qc5+ 36. Kh2 Qe3 37. Nb1 Nxg2 38. Rxg2 Qxb3 39. axb3 Rxf3 40. Nd2 Rd3 41. Rf2 Bd7 42. Nf3 Rxb3 43. Nxe5 Rxh3+ 44. Kg2 Be6 45. Rd2 Re3 46. Rd4 Kf6 47. Nd3 Kg5 48. Kf2 Rh3 49. Nc5 Bc8 50. Rd8 b6 51. Rxc8 bxc5 52. Rxc5+ Kf4 53. Rc7 Kxe4 54. Kg2 Rh5 55. Rf7 Ke5 56. Kg3 Ke6 57. Ra7 Kf6 58. Kg4 Rh1 59. Ra6+ Kg7 60. Rb6 h5+ 61. Kg5 Rg1+ 62. Kh4 Rg4+ 63. Kh3 Rf4 64. Kg3 Rf6 65. Rb5 Kh6 66. Ra5 Rf5 67. Ra8 Kg5 68. Ra4 Rb5 69. Ra3 h4+ 70. Kh3 Kh5 71. Ra8 Rb3+ 72. Kh2 g5 73. Kg2 Rb2+ 74. Kf3 g4+ 75. Kf4 Rf2+ 76. Ke3 Rf3+ 77. Ke2 h3 0-1

[Event "DEN-chT 1617 55th"]
[Site "Denmark"]
[Date "2017.02.26"]
[Round "7.6"]
[White "Palm, Nikolaj"]
[Black "Pedersen, Daniel Vesterbaek"]
[Result "1-0"]
[WhiteElo "2321"]
[BlackElo "2245"]
[PlyCount "78"]
[EventDate "2016.10.29"]
[EventType "team-tourn"]
[EventRounds "9"]
[EventCountry "DEN"]
[SourceTitle "EXT 2018"]
[Source "ChessBase"]
[SourceDate "2017.10.13"]
[SourceVersion "1"]
[SourceVersionDate "2017.10.13"]
[SourceQuality "1"]
[WhiteTeam "Bronshoj"]
[BlackTeam "Nordkalotten"]
[WhiteTeamCountry "DEN"]
[BlackTeamCountry "DEN"]

1. d4 Nf6 2. c4 e6 3. Nc3 Bb4 4. Qc2 d5 5. a3 Bxc3+ 6. Qxc3 c5 7. dxc5 d4 8. Qc2 Nc6 9. b4 e5 10. Bb2 a5 11. b5 Ne7 12. Nf3 Bf5 13. Qd1 Qc7 14. g3 Ne4 15. Bg2 Nxc5 16. a4 f6 17. 0-0 0-0 18. Ne1 Rad8 19. Nd3 Ne6 20. Ba3 e4 21. Nc1 Rfe8 22. Nb3 Ng6 23. c5 Ne5 24. b6 Qc8 25. Nxa5 d3 26. e3 Bg4 27. Qb3 Nf3+ 28. Kh1 Nd2 29. Qb5 Nxf1 30. Bxf1 Bf3+ 31. Kg1 Ng5 32. h4 Nh3+ 33. Kh2 Nxf2 34. Nxb7 Qxb7 35. c6 Qc8 36. c7 Rd7 37. Bd6 Ng4+ 38. Kg1 Rxc7 39. Bxc7 Rf8 1-0

[Event "DEN-chT 1617 55th"]
[Site "Denmark"]
[Date "2016.11.20"]
[Round "3.1"]
[White "Jaksland, Tim"]
[Black "Palm, Nikolaj"]
[Result "1/2-1/2"]
[WhiteElo "2230"]
[BlackElo "2321"]
[PlyCount "35"]
[EventDate "2016.10.29"]
[EventType "team-tourn"]
[EventRounds "9"]
[EventCountry "DEN"]
[SourceTitle "CBM 175 Extra"]
[Source "ChessBase"]
[SourceDate "2016.12.12"]
[SourceVersion "1"]
[SourceVersionDate "2016.12.12"]
[SourceQuality "1"]
[WhiteTeam "Hillerod"]
[BlackTeam "Bronshoj"]
[WhiteTeamCountry "DEN"]
[BlackTeamCountry "DEN"]

1. Nf3 d5 2. c4 e6 3. g3 Nf6 4. Bg2 Be7 5. 0-0 0-0 6. b3 b6 7. Bb2 Bb7 8. e3 dxc4 9. bxc4 c5 10. Qe2 Nc6 11. Nc3 Rc8 12. d3 Rc7 13. Rfd1 Qa8 14. Ne1 Rd8 15. f4 Nb4 16. Rd2 Bxg2 17. Nxg2 Rcd7 18. Qd1 1/2-1/2

[Event "DEN-chT 1516 54th"]
[Site "Denmark"]
[Date "2016.03.05"]
[Round "8.1"]
[White "Hansen, Mads"]
[Black "Palm, Nikolaj"]
[Result "1-0"]
[WhiteElo "2310"]
[BlackElo "2347"]
[PlyCount "131"]
[EventDate "2015.10.31"]
[EventType "team-tourn"]
[EventRounds "9"]
[EventCountry "DEN"]
[SourceTitle "EXT 2017"]
[Source "ChessBase"]
[SourceDate "2016.10.25"]
[SourceVersion "1"]
[SourceVersionDate "2016.10.25"]
[SourceQuality "1"]
[WhiteTeam "Skanderborg Nordea"]
[BlackTeam "Bronshoj"]
[WhiteTeamCountry "DEN"]
[BlackTeamCountry "DEN"]

1. e4 e5 2. Nf3 Nc6 3. Bb5 a6 4. Ba4 Nf6 5. 0-0 Be7 6. Re1 b5 7. Bb3 d6 8. c3 0-0 9. h3 Na5 10. Bc2 c5 11. d4 Qc7 12. Nbd2 Re8 13. b3 g6 14. Nf1 Bf8 15. Bg5 Bg7 16. Qd2 Bb7 17. d5 Bc8 18. Ng3 Kh8 19. Nh2 Ng8 20. Rf1 Nb7 21. Be3 a5 22. h4 Qe7 23. h5 Bd7 24. Rab1 b4 25. Bd3 Qf8 26. a4 bxc3 27. Qc2 Bh6 28. f4 exf4 29. Bxf4 Qg7 30. hxg6 fxg6 31. Ne2 Rf8 32. Bxh6 Nxh6 33. Qxc3 Ng4 34. Nxg4 Bxg4 35. Qxg7+ Kxg7 36. Nc3 Rxf1+ 37. Rxf1 Rf8 38. Re1 Kf6 39. Ba6 Rb8 40. e5+ dxe5 41. Ne4+ Ke7 42. Bxb7 Rxb7 43. d6+ Kd8 44. Nxc5 Rb4 45. Rxe5 Rd4 46. Nb7+ Kc8 47. Re7 Bd7 48. Nxa5 Rxd6 49. Nc4 Rd1+ 50. Kf2 Bc6 51. Rxh7 Rb1 52. Rh3 Kb8 53. Rg3 Be4 54. Nd2 Rb2 55. Ke2 Bf5 56. Rc3 Ka7 57. Ke3 Ka6 58. g3 Ka7 59. Nf3 Rb1 60. Nd4 Bh3 61. Rc6 Re1+ 62. Kd2 Re4 63. Nb5+ Kb8 64. Rxg6 Be6 65. Nc3 Re5 66. b4 1-0

[Event "DEN-chT 1516 54th"]
[Site "Denmark"]
[Date "2016.01.10"]
[Round "5.7"]
[White "Mikkelsen, Nikolaj"]
[Black "Palm, Nikolaj"]
[Result "1-0"]
[WhiteElo "2462"]
[BlackElo "2347"]
[PlyCount "131"]
[EventDate "2015.10.31"]
[EventType "team-tourn"]
[EventRounds "9"]
[EventCountry "DEN"]
[SourceTitle "CBM 170 Extra"]
[Source "ChessBase"]
[SourceDate "2016.02.25"]
[SourceVersion "1"]
[SourceVersionDate "2016.02.25"]
[SourceQuality "1"]
[WhiteTeam "Philidor"]
[BlackTeam "Bronshoj"]
[WhiteTeamCountry "DEN"]
[BlackTeamCountry "DEN"]

1. e4 e5 2. Nf3 Nc6 3. Bb5 a6 4. Ba4 Nf6 5. 0-0 Be7 6. d3 d6 7. c3 0-0 8. Nbd2 b5 9. Bc2 g6 10. Re1 Nh5 11. Nf1 Bf6 12. Be3 Bg7 13. Qd2 f5 14. Bg5 Qe8 15. exf5 gxf5 16. d4 e4 17. d5 Ne5 18. Nxe5 Bxe5 19. Bd1 Qg6 20. Bxh5 Qxh5 21. Ng3 Qg6 22. Bf4 Bb7 23. Rad1 Bg7 24. Re3 Kh8 25. Ne2 Rg8 26. Rg3 Qf7 27. Be3 Rae8 28. Nf4 Be5 29. b3 Bc8 30. Bd4 Bd7 31. Qe3 Qf6 32. Nh5 Qf7 33. Qh6 Rg6 34. Qf4 Bxd4 35. Rxd4 Reg8 36. h3 Rxg3 37. Nxg3 Qg6 38. b4 h6 39. c4 Kh7 40. c5 Rg7 41. Kh2 Rg8 42. c6 Bc8 43. f3 exf3 44. Qxf3 Re8 45. Nh5 Re5 46. Rd3 Qg5 47. a3 Re4 48. Ng3 Re5 49. Ne2 Re4 50. Qf2 Qg8 51. Nf4 Qg5 52. Rf3 Kh8 53. Qb2+ Qg7 54. Qf2 Qg5 55. Nd3 Qg8 56. Qb2+ Qg7 57. Qd2 Kh7 58. Nf4 Qg5 59. Qf2 Kh8 60. Kh1 Rc4 61. Qd2 Re4 62. Qc3+ Qg7 63. Qd2 Qg5 64. Qf2 Rc4 65. Qb2+ Qg7 66. Ng6+ 1-0

[Event "DEN-chT 1415 53rd"]
[Site "Denmark"]
[Date "2014.10.26"]
[Round "2.4"]
[White "Palm, Nikolaj"]
[Black "Jaksland, Tim"]
[Result "1/2-1/2"]
[WhiteElo "2340"]
[BlackElo "2277"]
[PlyCount "33"]
[EventDate "2014.10.25"]
[EventType "team-tourn"]
[EventRounds "9"]
[EventCountry "DEN"]
[SourceTitle "EXT 2016"]
[Source "ChessBase"]
[SourceDate "2015.10.08"]
[SourceVersion "1"]
[SourceVersionDate "2015.10.08"]
[SourceQuality "1"]
[WhiteTeam "Bronshoj"]
[BlackTeam "Hillerod"]
[WhiteTeamCountry "DEN"]
[BlackTeamCountry "DEN"]

1. d4 Nf6 2. Nf3 c5 3. e3 g6 4. Be2 Bg7 5. 0-0 0-0 6. Nbd2 b6 7. b3 Bb7 8. Bb2 d6 9. c4 e6 10. Qc2 Nc6 11. Rad1 Qe7 12. a3 Rac8 13. Rfe1 Rfd8 14. Nf1 d5 15. dxc5 bxc5 16. Ng3 h5 17. h3 1/2-1/2

[Event "Politiken Cup 36th"]
[Site "Helsingor"]
[Date "2014.07.28"]
[Round "9"]
[White "Le Roux, Jean Pierre"]
[Black "Palm, Nikolaj"]
[Result "1-0"]
[WhiteElo "2560"]
[BlackElo "2332"]
[PlyCount "97"]
[EventDate "2014.07.21"]
[EventType "swiss"]
[EventRounds "10"]
[EventCountry "DEN"]
[SourceTitle "CBM 161 Extra"]
[Source "ChessBase"]
[SourceDate "2014.08.29"]
[SourceVersion "1"]
[SourceVersionDate "2014.08.29"]
[SourceQuality "1"]

1. d4 d5 2. Bg5 c6 3. e3 Nf6 4. Bd3 e6 5. Nf3 Nbd7 6. Nbd2 Be7 7. 0-0 0-0 8. c3 Re8 9. Re1 b6 10. e4 dxe4 11. Nxe4 Nxe4 12. Bxe7 Qxe7 13. Bxe4 Bb7 14. Qa4 Rec8 15. Ne5 Nf6 16. Bf3 c5 17. Rad1 Bxf3 18. Nxf3 Rd8 19. dxc5 Qxc5 20. Rxd8+ Rxd8 21. Qxa7 Ng4 22. Rf1 Nxf2 23. Nd4 e5 24. Rxf2 f6 25. Qxg7+ Kxg7 26. Ne6+ Kf7 27. Nxc5 bxc5 28. Kf1 Ke6 29. Ke2 f5 30. g3 h5 31. Rf1 h4 32. a4 hxg3 33. hxg3 Ra8 34. Ra1 c4 35. a5 Ra6 36. Kf3 Kd5 37. Ra4 Kc5 38. g4 e4+ 39. Kf4 fxg4 40. Kxg4 Re6 41. a6 e3 42. a7 e2 43. a8Q e1Q 44. Ra5+ Kd6 45. Qd8+ Kc6 46. Qd5+ Kc7 47. Ra7+ Kb6 48. Rb7+ Ka6 49. Qb5# 1-0

[Event "Politiken Cup 36th"]
[Site "Helsingor"]
[Date "2014.07.22"]
[Round "3"]
[White "Palm, Nikolaj"]
[Black "Edouard, Romain"]
[Result "0-1"]
[WhiteElo "2332"]
[BlackElo "2679"]
[PlyCount "48"]
[EventDate "2014.07.21"]
[EventType "swiss"]
[EventRounds "10"]
[EventCountry "DEN"]
[SourceTitle "CBM 161 Extra"]
[Source "ChessBase"]
[SourceDate "2014.08.29"]
[SourceVersion "1"]
[SourceVersionDate "2014.08.29"]
[SourceQuality "1"]

1. d4 Nf6 2. Nf3 c5 3. e3 g6 4. b3 Bg7 5. Bb2 cxd4 6. exd4 0-0 7. Bd3 Nc6 8. 0-0 d5 9. Re1 Bg4 10. h3 Bxf3 11. Qxf3 Ne4 12. c3 f5 13. Qe2 e5 14. f3 exd4 15. fxe4 fxe4 16. Bb5 Qb6 17. Kh1 d3 18. Bxd3 Rf2 19. Qd1 Rxb2 20. Bc2 Rd8 21. b4 Qf2 22. Re2 Qg3 23. Nd2 Qxc3 24. Rc1 Qxb4 0-1

[Event "DEN-chT 1314 52nd"]
[Site "Denmark"]
[Date "2014.02.16"]
[Round "7.7"]
[White "Palm, Nikolaj"]
[Black "Christensen, Jan"]
[Result "1-0"]
[WhiteElo "2313"]
[BlackElo "2218"]
[PlyCount "77"]
[EventDate "2013.11.02"]
[EventType "team-tourn"]
[EventRounds "9"]
[EventCountry "DEN"]
[SourceTitle "EXT 2015"]
[Source "ChessBase"]
[SourceDate "2014.11.20"]
[SourceVersion "1"]
[SourceVersionDate "2014.11.20"]
[SourceQuality "1"]
[WhiteTeam "Bronshoj"]
[BlackTeam "Nordre"]
[WhiteTeamCountry "DEN"]
[BlackTeamCountry "DEN"]

1. d4 Nf6 2. Nf3 c5 3. e3 g6 4. b3 Bg7 5. Bb2 cxd4 6. exd4 d5 7. Bd3 0-0 8. 0-0 Nc6 9. Re1 Nb4 10. Bf1 Bf5 11. Na3 Rc8 12. c3 Nc6 13. Nc2 Re8 14. Ne3 Bd7 15. Ne5 e6 16. Rc1 Ne7 17. g3 Qa5 18. Nxd7 Nxd7 19. a3 Nf6 20. Bg2 Red8 21. Qd3 b5 22. Re2 Rc7 23. h4 h5 24. Rce1 Qa6 25. a4 Rb8 26. Ra1 Qb6 27. a5 Qc6 28. Ba3 Rbc8 29. Bc5 Ne4 30. b4 Nxc5 31. bxc5 a6 32. Nc2 Qd7 33. Nb4 Ra7 34. Bh3 Re8 35. Qf3 Nc6 36. Nxd5 Qd8 37. Nb6 b4 38. Qxc6 bxc3 39. d5 1-0